[Event "Pardubice Czech op-B 29th"]
[Site "Pardubice"]
[Date "2018.07.28"]
[Round "9"]
[White "Sidorika, Vladislav"]
[Black "Ali Rashid, Ali"]
[Result "1-0"]
[WhiteElo "2066"]
[BlackElo "1784"]
[PlyCount "73"]
[EventDate "2018.07.20"]
[EventType "swiss"]
[EventRounds "9"]
[EventCountry "CZE"]
[SourceTitle "CBM 186 Extra"]
[Source "ChessBase"]
[SourceDate "2018.08.24"]
[SourceVersion "1"]
[SourceVersionDate "2018.08.24"]
[SourceQuality "1"]

1. d4 d5 2. Bg5 c6 3. e3 Qb6 4. Qc1 Bf5 5. Nf3 Nd7 6. c4 dxc4 7. Bxc4 Ngf6 8. Nc3 e6 9. 0-0 Bd6 10. Re1 Ne4 11. Nxe4 Bxe4 12. Nd2 Bg6 13. Be2 Qc7 14. h3 Nb6 15. Bf3 0-0 16. e4 e5 17. Nb3 f5 18. exf5 Bxf5 19. Qc3 Rae8 20. Nc5 exd4 21. Qxd4 Be5 22. Qb4 Bxh3 23. Qb3+ Kh8 24. gxh3 Bd4 25. Rxe8 Qg3+ 26. Bg2 Qxf2+ 27. Kh1 Rxe8 28. Ne4 Qe2 29. Qf7 Rg8 30. Rf1 Nd5 31. Ng3 Qxb2 32. Nf5 Be5 33. Ne3 Nxe3 34. Bxe3 b6 35. Qxa7 c5 36. Qf7 Qc3 37. Qxg8+ 1-0

[Event "Abu Dhabi President Cup"]
[Site "Abu Dhabi"]
[Date "2017.12.28"]
[Round "8"]
[White "Ali Rashid, Ali"]
[Black "Al Zaabi, Sultan"]
[Result "0-1"]
[WhiteElo "1797"]
[BlackElo "1875"]
[PlyCount "92"]
[EventDate "2017.12.22"]
[EventType "swiss"]
[EventRounds "9"]
[EventCountry "UAE"]
[SourceTitle "CBM 182 Extra"]
[Source "ChessBase"]
[SourceDate "2018.02.23"]
[SourceVersion "1"]
[SourceVersionDate "2018.02.23"]
[SourceQuality "1"]

1. Nf3 Nf6 2. g3 d5 3. d4 g6 4. Bg2 Bg7 5. 0-0 0-0 6. c4 dxc4 7. Ne5 c5 8. dxc5 Qc7 9. c6 Nxc6 10. Nxc6 bxc6 11. Qa4 Be6 12. Bf4 Qb6 13. Be5 Nd5 14. Bxg7 Kxg7 15. Na3 Qxb2 16. Nxc4 Qxe2 17. Na5 Qb5 18. Qd4+ Kg8 19. Nb3 Qb4 20. Rac1 Rac8 21. Rc4 Qb6 22. Qxb6 axb6 23. Nd4 Ne3 24. Nxe6 Nxc4 25. Nxf8 Kxf8 26. Rc1 Na5 27. f4 e6 28. Kf2 Ke7 29. Ke3 Rd8 30. Rc2 c5 31. h4 Rd4 32. Bf1 Kd6 33. h5 Nc6 34. a3 Ra4 35. Rc3 Nd4 36. g4 Rxa3 37. Rxa3 Nc2+ 38. Kd2 Nxa3 39. h6 b5 40. Bd3 f5 41. Kc3 b4+ 42. Kb3 c4+ 43. Bxc4 Nxc4 44. gxf5 Na5+ 45. Kxb4 exf5 46. Kxa5 Kd5 0-1

[Event "UAE-ch"]
[Site "Dubai"]
[Date "2016.10.02"]
[Round "5"]
[White "Ali Rashid, Ali"]
[Black "Al Darmaky, Sultan"]
[Result "1-0"]
[WhiteElo "1721"]
[BlackElo "1587"]
[PlyCount "61"]
[EventDate "2016.09.23"]
[EventType "swiss"]
[EventRounds "7"]
[EventCountry "UAE"]
[SourceTitle "EXT 2017"]
[Source "ChessBase"]
[SourceDate "2016.10.25"]
[SourceVersion "1"]
[SourceVersionDate "2016.10.25"]
[SourceQuality "1"]

1. Nf3 Nf6 2. g3 g6 3. Bg2 Bg7 4. 0-0 0-0 5. d4 c5 6. d5 d6 7. Nc3 e6 8. e4 exd5 9. exd5 a6 10. a4 Re8 11. Bf4 Nh5 12. Bg5 Qc7 13. Qd2 Nd7 14. Rfe1 Ne5 15. Nxe5 Bxe5 16. Ne4 Bd7 17. h3 f5 18. Nc3 b5 19. axb5 axb5 20. Rxa8 Rxa8 21. Rxe5 dxe5 22. d6 Ra1+ 23. Kh2 Qc8 24. Qd5+ Be6 25. Qxe5 Qd7 26. Nd5 Ra6 27. Ne7+ Kf7 28. Qh8 Qe8 29. Qxh7+ Ng7 30. Bh6 Bc4 31. Qxg6+ 1-0

[Event "Arab-ch U20"]
[Site "Abu Dhabi"]
[Date "2015.01.04"]
[Round "1"]
[White "Ali Rashid, Ali"]
[Black "Elias, Redwan"]
[Result "1-0"]
[WhiteElo "1896"]
[BlackElo "1590"]
[PlyCount "80"]
[EventDate "2015.01.04"]
[EventType "swiss"]
[EventRounds "9"]
[EventCountry "UAE"]
[SourceTitle "CBM 164 Extra"]
[Source "ChessBase"]
[SourceDate "2015.03.02"]
[SourceVersion "1"]
[SourceVersionDate "2015.03.02"]
[SourceQuality "1"]

1. d4 Nf6 2. Nf3 g6 3. g3 Bg7 4. Bg2 0-0 5. 0-0 c6 6. c4 d5 7. Nc3 dxc4 8. Ne5 Be6 9. a4 Nbd7 10. Nf3 Nd5 11. e4 Nb4 12. Ng5 Qb6 13. Nxe6 fxe6 14. e5 Nd3 15. Bh3 Qxd4 16. Bxe6+ Kh8 17. Ne2 Qxe5 18. Bxd7 Rad8 19. Bh3 Nxc1 20. Qxc1 Qxe2 21. Qe1 Qxe1 22. Raxe1 Bxb2 23. Rxe7 Rb8 24. Re2 c3 25. Rd1 Rbd8 26. Rb1 Rd2 27. Rxd2 cxd2 28. Bg4 Rd8 29. Rxb2 d1Q+ 30. Bxd1 Rxd1+ 31. Kg2 Ra1 32. Rxb7 Rxa4 33. Rc7 a5 34. Rxc6 Ra1 35. Rc7 a4 36. h4 a3 37. Ra7 h5 38. Kf3 a2 39. Kf4 Kg8 40. Kg5 Kf8 1-0

[Event "Al Ain op 3rd"]
[Site "Al Ain"]
[Date "2014.12.22"]
[Round "5"]
[White "Ali Rashid, Ali"]
[Black "Nandhidhaa, PV."]
[Result "0-1"]
[WhiteElo "1799"]
[BlackElo "2177"]
[PlyCount "62"]
[EventDate "2014.12.19"]
[EventType "swiss"]
[EventRounds "9"]
[EventCountry "UAE"]
[SourceTitle "CBM 164 Extra"]
[Source "ChessBase"]
[SourceDate "2015.03.02"]
[SourceVersion "1"]
[SourceVersionDate "2015.03.02"]
[SourceQuality "1"]

1. d4 Nf6 2. Nf3 d5 3. c4 c6 4. Nc3 a6 5. cxd5 cxd5 6. Bf4 Nc6 7. e3 Bg4 8. Be2 e6 9. 0-0 Bd6 10. Bg3 0-0 11. Rc1 Rc8 12. Na4 Ne4 13. Nc5 Bxc5 14. dxc5 Qe7 15. Qc2 Bf5 16. Bd3 Nb4 17. Bd6 Qd8 18. Qd1 Nxd3 19. Bxf8 Nxc1 20. Bxg7 Kxg7 21. Qxc1 Rxc5 22. Qd1 Bg4 23. h3 Bxf3 24. gxf3 Nf6 25. Kh2 d4 26. Rg1+ Kf8 27. e4 Qd6+ 28. Kh1 d3 29. e5 Rxe5 30. f4 Re2 31. Rg3 d2 0-1

[Event "Sharjah op blitz"]
[Site "Sharjah"]
[Date "2014.07.09"]
[Round "7"]
[White "Ali Rashid, Ali"]
[Black "Somoff, Abdo"]
[Result "0-1"]
[WhiteElo "1799"]
[BlackElo "2128"]
[PlyCount "64"]
[EventDate "2014.07.09"]
[EventType "swiss (blitz)"]
[EventRounds "9"]
[EventCountry "UAE"]
[SourceTitle "EXT 2016"]
[Source "ChessBase"]
[SourceDate "2015.10.08"]
[SourceVersion "1"]
[SourceVersionDate "2015.10.08"]
[SourceQuality "1"]

1. d4 d6 2. Nf3 c5 3. d5 e5 4. dxe6 Bxe6 5. g3 d5 6. Bg2 Nf6 7. 0-0 Be7 8. c4 d4 9. Bf4 0-0 10. Ne5 Nfd7 11. Bxb7 Nxe5 12. Bxe5 Nd7 13. Bf4 g5 14. Bd2 Rb8 15. Bf3 Rxb2 16. Qc1 Rb8 17. Na3 h6 18. Nb5 Ne5 19. Nxa7 Nxf3+ 20. exf3 Qd7 21. Nb5 Bxc4 22. Qxc4 Qxb5 23. Qc1 c4 24. Re1 Bf6 25. Rb1 Qxb1 26. Qxb1 Rxb1 27. Rxb1 c3 28. Bc1 d3 29. Be3 Re8 30. Kf1 Rxe3 31. fxe3 c2 32. Rc1 d2 0-1

[Event "Sharjah op blitz"]
[Site "Sharjah"]
[Date "2014.07.09"]
[Round "2"]
[White "Salem, AR Saleh"]
[Black "Ali Rashid, Ali"]
[Result "1-0"]
[WhiteElo "2625"]
[BlackElo "1799"]
[PlyCount "51"]
[EventDate "2014.07.09"]
[EventType "swiss (blitz)"]
[EventRounds "9"]
[EventCountry "UAE"]
[SourceTitle "EXT 2016"]
[Source "ChessBase"]
[SourceDate "2015.10.08"]
[SourceVersion "1"]
[SourceVersionDate "2015.10.08"]
[SourceQuality "1"]

1. d4 d5 2. c4 c6 3. Nf3 Nf6 4. Nc3 dxc4 5. e4 Bg4 6. Bxc4 e6 7. 0-0 Be7 8. h3 Bh5 9. Be3 0-0 10. Qe2 Nbd7 11. Rfd1 e5 12. dxe5 Ne8 13. e6 fxe6 14. Bxe6+ Kh8 15. Rxd7 Qa5 16. Rxe7 Nf6 17. Bb3 Qb4 18. Re5 Bg6 19. Bc5 Qa5 20. Bxf8 Qc7 21. Re7 Qxe7 22. Bxe7 Ne8 23. Rd1 h6 24. Qc4 Nf6 25. Bxf6 gxf6 26. Rd7 1-0

[Event "Sharjah op rapid"]
[Site "Sharjah"]
[Date "2014.07.08"]
[Round "8"]
[White "Kayumov, Sergey"]
[Black "Ali Rashid, Ali"]
[Result "1-0"]
[WhiteElo "2490"]
[BlackElo "1808"]
[PlyCount "35"]
[EventDate "2014.07.05"]
[EventType "swiss (rapid)"]
[EventRounds "9"]
[EventCountry "UAE"]
[SourceTitle "CBM 161 Extra"]
[Source "ChessBase"]
[SourceDate "2014.08.29"]
[SourceVersion "1"]
[SourceVersionDate "2014.08.29"]
[SourceQuality "1"]

1. Nf3 d5 2. b3 Nf6 3. Bb2 Bf5 4. g3 c6 5. Bg2 Nbd7 6. 0-0 Qc7 7. c4 e5 8. d3 Bc5 9. cxd5 cxd5 10. d4 Bd6 11. dxe5 Nxe5 12. Nc3 Be4 13. Nb5 Nxf3+ 14. exf3 Qc2 15. Nxd6+ Kd7 16. Nxe4 Qxb2 17. Nxf6+ Qxf6 18. Qxd5+ 1-0